000
00330 a2200157 4500
001
168755
020
_a
040
_c
Magnum
100
_a
Gewandsznajder, Fernando
240
1
0
_a
Ciencias - 6ª serie
_l
por
245
1
0
_a
Ciencias - 6ª serie
362
0
_a
1899
440
1
_a
Ática
697
_a
PARADIDATICOS
942
_c
BK
999
_c
168755
_d
168755